Word Chain - New York - Statistics

General Stats
  • This quiz has been taken 39 times
  • The average score is 15 of 23
Answer Stats
Hint Answer % Correct
Nickname of New York City: Big ____ Apple
100%
Largest waterfall by volume in the U.S.: _____ Falls Niagara
97%
Island home to an immigration station, processing over 12 million immigrants: _____ Island Ellis
92%
Famous landmark in New York Harbor Statue of Liberty
92%
New York's capital Albany
89%
Financial capital of the world: ___ Street Wall
89%
Color of New York City's iconic taxis Yellow
89%
Great Lake in western New York Erie
84%
Largest island in New York: ___ Island Long
79%
One of New York City's five boroughs: _____ Island Staten
79%
People who first settled New York Dutch
71%
Iconic Manhattan neighborhood central to Black culture, jazz, and a certain "Renaissance" Harlem
71%
The "Bronx Bombers" Yankees
71%
Second busiest airport in the state named after a former New York City mayor LaGuardia
55%
Suburb north of New York City Yonkers
55%
Iconic New York City transportation hub and architectural marvel ____ _____ Terminal Grand Central
53%
Basketball team in New York City Knicks
42%
Home of the Headless Horseman Sleepy Hollow
42%
One of the five Iroquois tribes, also the name of a Finger Lake Seneca
34%
Largest state park in the U.S. Adirondack
32%
Infamous New York prison Rikers Island
32%
County which the above is in Westchester
21%
New York's highest peak: Mount ____ Marcy
11%
No matching quizzes found
Score Distribution
Percent of People with Each Score
Percentile by Number Answered
Your Score History
You have not taken this quiz